000 00328nam a2200121Ia 4500
008 220216s9999 xx 000 0 und d
100 _aNarayanan P.K.
245 0 _aRubber producers' societies: Agents of change
260 _bRubber Board Bulletin
_c1990
300 _a25-29
650 _aRubber producers' society
942 _cBS
999 _c49700
_d49700